| 000 | 01335cam a22003133a 4500 | ||
|---|---|---|---|
| 001 | 20916 | ||
| 003 | PGUSA | ||
| 005 | 20140828083439.0 | ||
| 008 | 070327s2007||||xxu|||||s|||||000 | eng d | ||
| 040 |
_aPGUSA _beng |
||
| 042 | _adc | ||
| 050 | 4 | _aPZ | |
| 245 | 1 | 4 |
_aThe Arabian Nights : _bTheir Best-known Tales _h[electronic resource] |
| 260 |
_bProject Gutenberg, _c2007 |
||
| 505 | 0 | _aThe Talking Bird, the Singing Tree, and the Golden Water -- The Story of the Fisherman and the Genie -- The History of the Young King of the Black Isles -- The Story of Gulnare of the Sea -- The Story of Aladdin; or, the Wonderful Lamp -- The Story of Prince Agib -- The Story of the City of Brass -- The Story of Ali Baba and the Forty Thieves -- The History of Codadad and His Brothers -- The Story of Sinbad the Voyager. | |
| 506 | _aPublic domain in the USA. | ||
| 516 | _aElectronic text | ||
| 653 | _aTales -- Arab countries | ||
| 653 | _aFairy tales -- Arab countries | ||
| 653 | _aArabs -- Folklore | ||
| 653 | _aFolklore -- Arab countries | ||
| 653 | _aFairy tales | ||
| 700 | 1 |
_aWiggin, Kate Douglas Smith, _d1856-1923 |
|
| 700 | 1 |
_aParrish, Maxfield, _d1870-1966 |
|
| 700 | 1 |
_aSmith, Nora Archibald, _d1859-1934 |
|
| 830 | 0 |
_aProject Gutenberg _v20916 |
|
| 856 | 4 | 0 | _uhttp://www.gutenberg.org/ebooks/20916 |
| 942 | _cEB | ||
| 999 |
_c250171 _d250171 |
||